Small antenna design + CD (Record no. 290485)

000 -LEADER
fixed length control field 00309 a2200109 4500
001 - CONTROL NUMBER
control field 55412
082 ## - DEWEY DECIMAL CLASSIFICATION NUMBER
Classification number 621.384135 MIR
090 ## - LOCALLY ASSIGNED LC-TYPE CALL NUMBER (OCLC); LOCAL CALL NUMBER (RLIN)
-- 34399
-- 34399
100 ## - MAIN ENTRY--PERSONAL NAME
Personal name Miron, Douglas B. Ph. D
245 ## - TITLE STATEMENT
Title Small antenna design + CD
Statement of responsibility, etc. Douglas B. Miron
260 ## - PUBLICATION, DISTRIBUTION, ETC.
Place of publication, distribution, etc. Amsterdam
Name of publisher, distributor, etc. Elsevier Butter worth henemann
Date of publication, distribution, etc. 2006
942 ## - ADDED ENTRY ELEMENTS (KOHA)
Institution code [OBSOLETE] NUST-CAE
Call number prefix 621.384135 MIR
Holdings
Withdrawn status Lost status Damaged status Not for loan Collection code Permanent Location Current Location Date acquired Total Checkouts Full call number Barcode Date last seen Price effective from Koha item type
          College of Aeronautical Engineering (CAE) College of Aeronautical Engineering (CAE) 04/03/2017   621.384135 MIR CAEN-4369 04/05/2017 04/05/2017 Book
© 2023 Central Library, National University of Sciences and Technology. All Rights Reserved.